Todas as Músicas do Racionais MC's - Statistics

Estatísticas Gerais
  • Esse quiz foi jogado 153 vezes
  • A pontuação média é 16 de 60
Estatísticas das Respostas
Album Música % Correto
Nada como um Dia após o Outro Dia Vida Loka I
90%
Nada como um Dia após o Outro Dia Vida Loka II
90%
Sobrevivendo no Inferno Diário de um Detento
76%
Nada como um Dia após o Outro Dia Jesus Chorou
72%
Nada como um Dia após o Outro Dia Negro Drama
72%
Sobrevivendo no Inferno Capítulo 4, Versículo 3
68%
Nada como um Dia após o Outro Dia Da Ponte Pra Cá
62%
Nada como um Dia após o Outro Dia Estilo Cachorro
60%
Nada como um Dia após o Outro Dia Eu Sou 157
55%
Raio X Brasil Homem na Estrada
53%
Nada como um Dia após o Outro Dia A Vida é Desafio
45%
Sobrevivendo no Inferno Jorge da Capadócia
43%
Sobrevivendo no Inferno Mágico de Oz
41%
Sobrevivendo no Inferno Tô Ouvindo Alguém me Chamar
39%
Sobrevivendo no Inferno Fórmula Mágica da Paz
38%
Raio X Brasil Fim de Semana no Parque
36%
Sobrevivendo no Inferno Salve
33%
Nada como um Dia após o Outro Dia A Vítima
31%
Sobrevivendo no Inferno Qual Mentira Vou Acreditar?
28%
Nada como um Dia após o Outro Dia 1 Por Amor, 2 Por Dinheiro
27%
Cores & Valores Cores e Valores
27%
Cores & Valores Cores e Valores: Finado Neguin
27%
Cores & Valores Cores e Valores: Preto e Amarelo
27%
Nada como um Dia após o Outro Dia Expresso da Meia-Noite
27%
Nada como um Dia após o Outro Dia Sou + Você
27%
Holocausto Urbano Pânico na Zona Sul
24%
Sobrevivendo no Inferno Rapaz comum
23%
Holocausto Urbano Racistas Otários
18%
Nada como um Dia após o Outro Dia Otus 500
17%
Nada como um Dia após o Outro Dia Vivão e Vivendo
16%
Nada como um Dia após o Outro Dia Crime Vai e Vem
15%
Raio X Brasil Mano na Porta do Bar
15%
Holocausto Urbano Mulheres Vulgares
15%
Nada como um Dia após o Outro Dia 12 de Outubro
14%
Single Mil Faces de um Homem Leal
14%
Sobrevivendo no Inferno Periferia é Periferia
14%
Escolha o seu Caminho Voz Ativa
14%
Holocausto Urbano Hey Boy
13%
Cores & Valores Preto Zica
13%
Nada como um Dia após o Outro Dia Trutas e Quebradas
13%
Escolha o seu Caminho Negro Limitado
12%
Cores & Valores Somos O Que Somos
12%
Cores & Valores Você Me Deve
11%
Raio X Brasil Júri Racional
10%
Nada como um Dia após o Outro Dia De Volta à Cena
9%
Nada como um Dia após o Outro Dia Na Fé Firmão
9%
Holocausto Urbano Tempos Difíceis
9%
Cores & Valores A Escolha Que Eu Fiz
8%
Cores & Valores A Praça
8%
Cores & Valores Eu Compro
8%
Cores & Valores Eu Te Proponho
8%
Single Mente do Vilão
8%
Holocausto Urbano Beco Sem Saída
7%
Cores & Valores Coração Barrabaz
7%
Raio X Brasil Fio da Navalha
7%
Raio X Brasil Parte II
7%
Cores & Valores Quanto Vale o Show?
7%
Raio X Brasil Agradecimentos
5%
Cores & Valores O Mal e o Bem
5%
Sobrevivendo no Inferno Interlúdio
4%
Nenhum quiz correspondente encontrado
Distribuição das Pontuações
Porcentagem de Pessoas com Cada Pontuação
Percentil de Números Respondidos
Sua Pontuação Histórica
Você não jogou esse quiz